Čo ostalo po holokauste publikácia o košických Židoch v Nemecku

Podrobná bibliografia
Hlavný autor: Petraško, Ľudovít, 1949- (Autor)
Médium: Článok
Jazyk:slovenčina
Fyzický popis:Obr.
ISSN:1335-4566
Predmet:

MARC

LEADER 00000nab a2200000 a 4500
001 vtls008294141
003 SK-MaSNL
005 20260304024455.0
008 050811 2005 xo dr er 000 0 slo
015 |a KEVKJB2005 
040 |a VKJB  |b slo  |c VKJB  |e AACR2 
041 0 |a slo 
044 |a xo  |c SK 
080 |a 908  |x (437.671)  |x (=411.16)  |2 UDC-MRF-SK2 
080 |a 341.485  |2 UDC-MRF-SK2 
100 1 |a Petraško, Ľudovít,  |d 1949-  |4 aut  |9 89986 
245 1 0 |a Čo ostalo po holokauste  |b publikácia o košických Židoch v Nemecku  |c Ľudovít Petraško 
300 |b Obr. 
600 1 7 |a Okroy, Michael  |t Košice boli európskym mestom  |2 kevkjb  |9 1075523 
650 0 7 |a Židia  |2 snkbucl  |9 3760 
650 0 7 |a holokaust (1939-1945)  |2 snkbucl  |9 160313 
651 7 |a Košice (Slovensko)  |2 kevkjb  |9 18694 
651 7 |a Prešov (Slovensko)  |2 kevkjb  |9 17347 
773 0 |t Košický denník Korzár  |g Roč. VIII, č. 186 (11.8.2005), s. 15  |x 1335-4566 
852 |a KEVKJB  |b KIS3GCP 
958 |a OS 
999 |c 2622017  |d 2623947